00420nam a2200169Ia 4500003000400000005001700004008004100021020000600062040000700068041000800075082002200083100001700105245005700122260004200179300001600221365001300237OSt20230412092629.0210423s2007 xx 000 0 und d a- cAL aeng a510.02 223bBOSS aBOSCO (S S). aTheory and problems in mathematics II PUC text book. aMangalorebBoscoss Publicationsc2007 axvi,648bPB b266cINR